| 000 | 01116cac a22003375a 4500 | ||
|---|---|---|---|
| 999 |
_c6313 _d6313 |
||
| 003 | EG-ScBUE | ||
| 005 | 20200112120034.0 | ||
| 008 | 190725t2006 maua f bd 001 0 eng d | ||
| 020 | _a0205449727 | ||
| 020 | _a9780205449729 | ||
| 040 |
_aEG-ScBUE _beng _erda _cEG-ScBUE _dEG-ScBUE |
||
| 082 | 0 | 4 |
_a808.066302 _bSTO _222 |
| 100 | 1 |
_aStovall, James Glen, _eauthor. _937795 |
|
| 245 | 1 | 0 |
_aWriting for the mass media / _cJames Glen Stovall, Emory and Henry College, professor emeritus, University of Alabama. |
| 250 | _aSixth edition. | ||
| 264 | 1 |
_aBoston, MA : _bPearson Education, _c[2006] |
|
| 264 | 4 | _cc 2006 | |
| 300 |
_axii, 369 pages : _billustrations ; _c28 cm |
||
| 336 |
_2rdacontent _atext _btxt |
||
| 337 |
_2rdamedia _aunmediated _bn |
||
| 338 |
_2rdacarrier _avolume _bnc |
||
| 500 | _aIncludes appendices. | ||
| 500 | _aIncludes glossary. | ||
| 500 | _aIncludes index. | ||
| 590 | _anadeen magdy | ||
| 650 | 7 |
_aMass media _xAuthorship. _2BUEsh _937385 |
|
| 650 | 7 |
_aReport writing. _2BUEsh |
|
| 653 |
_bHHUUEENN _cJuly2019 |
||
| 655 | _vReading book | ||
| 942 |
_cBB _k808.066302 STO _2ddc |
||